<?xml version="1.0" encoding="UTF-8"?>
<record
    xmlns:xsi="http://www.w3.org/2001/XMLSchema-instance"
    xsi:schemaLocation="http://www.loc.gov/MARC21/slim http://www.loc.gov/standards/marcxml/schema/MARC21slim.xsd"
    xmlns="http://www.loc.gov/MARC21/slim">

  <leader>01342nab a22002537a 4500</leader>
  <datafield tag="999" ind1=" " ind2=" ">
    <subfield code="c">5645</subfield>
    <subfield code="d">5645</subfield>
  </datafield>
  <controlfield tag="003">OSt</controlfield>
  <controlfield tag="005">20251226212727.0</controlfield>
  <controlfield tag="008">190603e        xxum|||| |||| 00| 0 spa d</controlfield>
  <datafield tag="040" ind1=" " ind2=" ">
    <subfield code="c">PJ</subfield>
  </datafield>
  <datafield tag="100" ind1=" " ind2=" ">
    <subfield code="9">6455</subfield>
    <subfield code="a">Linovich, Jonathan</subfield>
  </datafield>
  <datafield tag="245" ind1="1" ind2="0">
    <subfield code="a">Jurisprudencia destacada en "Cr&#xE9;ditos, privilegios y sobreendeudamiento: nuevas miradas sobre el derecho concursal" /</subfield>
    <subfield code="c">Jonathan Linovich. </subfield>
  </datafield>
  <datafield tag="260" ind1=" " ind2=" ">
    <subfield code="c">Ciudad Aut&#xF3;noma de Buenos Aires :</subfield>
    <subfield code="a">Thomson Reuters La Ley, </subfield>
    <subfield code="b">2025.</subfield>
  </datafield>
  <datafield tag="300" ind1=" " ind2=" ">
    <subfield code="a">p. 128-129</subfield>
  </datafield>
  <datafield tag="500" ind1=" " ind2=" ">
    <subfield code="a">Cita: TR LALEY AR/DOC/1044/2025 
Publicado en: RCCyC 2025 (junio).</subfield>
  </datafield>
  <datafield tag="505" ind1=" " ind2=" ">
    <subfield code="a">Sumario: I. Atribuci&#xF3;n del uso de la vivienda y quiebra del exc&#xF3;nyuge.&#x2014; II. Peque&#xF1;o concurso.&#x2014; III. Gastos y honorarios en proceso de quiebra.&#x2014; IV. Peque&#xF1;a quiebra.&#x2014; V. Beneficio de litigar sin gastos.&#x2014; VI. Inejecutabilidad de inmueble en la quiebra.&#x2014; VII. Convenio OIT 173. </subfield>
  </datafield>
  <datafield tag="505" ind1=" " ind2=" ">
    <subfield code="t">&#xBF;Te interesa el texto completo? Solicitalo al correo: koha@justierradelfuego.gov.ar</subfield>
  </datafield>
  <datafield tag="650" ind1=" " ind2="0">
    <subfield code="9">1497</subfield>
    <subfield code="a">CODIGO CIVIL Y COMERCIAL</subfield>
  </datafield>
  <datafield tag="650" ind1=" " ind2="0">
    <subfield code="9">1753</subfield>
    <subfield code="a">CONCURSO PREVENTIVO</subfield>
  </datafield>
  <datafield tag="650" ind1=" " ind2="0">
    <subfield code="9">1737</subfield>
    <subfield code="a">CONCURSOS</subfield>
  </datafield>
  <datafield tag="650" ind1=" " ind2="0">
    <subfield code="a">QUIEBRA</subfield>
    <subfield code="9">1739</subfield>
  </datafield>
  <datafield tag="650" ind1=" " ind2="0">
    <subfield code="a">JURISPRUDENCIA APLICABLE</subfield>
    <subfield code="9">1057</subfield>
  </datafield>
  <datafield tag="773" ind1="0" ind2=" ">
    <subfield code="0">2713</subfield>
    <subfield code="9">3170</subfield>
    <subfield code="d">Ciudad Aut&#xF3;noma de Buenos Aires : Thomson Reuters La Ley, 2015-</subfield>
    <subfield code="t">Revista C&#xF3;digo Civil y Comercial. N&#xBA; 3 - Junio 2025</subfield>
  </datafield>
  <datafield tag="942" ind1=" " ind2=" ">
    <subfield code="2">udc</subfield>
    <subfield code="c">ANA</subfield>
  </datafield>
</record>
